Loading...
| History - American | 0 | 4 | 0 | 1 | 40 | 46 | 76.75 | 0 | 1 | 8.56 | 15.42 |
| History - Other | 0 | 3 | 0 | 1 | 30 | 94 | 106.33 | 0 | 0 | 1.47 | 7.95 |
| Religion | 0 | 3 | 0 | 1 | 30 | 107 | 114.00 | 0 | 0 | 0.33 | 7.14 |
| Fine Arts - Other | 0 | 3 | 0 | 2 | 30 | 78 | 103.33 | 0 | 0 | 3.10 | 5.68 |
| History - World | 0 | 3 | 0 | 1 | 30 | 69 | 83.67 | 0 | 0 | 6.30 | 3.73 |
| Social Science | 0 | 2 | 0 | 1 | 20 | 89 | 90.00 | 0 | 0 | 3.67 | 11.61 |
| Mythology | 0 | 2 | 0 | 1 | 20 | 93 | 93.00 | 0 | 0 | 3.00 | 3.57 |
| History - European | 0 | 1 | 0 | 0 | 10 | 82 | 82.00 | 0 | 0 | 2.31 | 3.41 |
| Literature - American | 0 | 1 | 0 | 0 | 10 | 35 | 35.00 | 1 | 1 | 6.28 | 6.82 |
| Current Events | 0 | 1 | 0 | 1 | 10 | 107 | 107.00 | 0 | 0 | 0.31 | 8.33 |
| Painting/Sculpture | 0 | 1 | 0 | 1 | 10 | 116 | 116.00 | 0 | 0 | 0.00 | 1.14 |
| Pop Culture | 0 | 1 | 0 | 0 | 10 | 9 | 9.00 | 1 | 1 | 15.26 | 16.67 |
| Science - Other | 0 | 1 | 0 | 1 | 10 | 102 | 102.00 | 0 | 0 | 0.00 | 2.27 |
| Geography | 0 | 1 | 1 | 0 | 5 | 91 | 91.00 | 0 | 0 | 4.23 | 4.17 |
| Fine Arts - Classical Music | 0 | 0 | 1 | 0 | -5 | 0.00 | 0 | 0 | 0.00 | 0.00 |